| 000 | 00500nam a2200169 a 4500 | ||
|---|---|---|---|
| 005 | 20210223121629.0 | ||
| 008 | 991125s1976 mx 000 0 spa u | ||
| 035 | _aUPN01000021284 | ||
| 049 | _aCG | ||
| 050 | 4 |
_aLE7 CH62 _bU5.3 |
|
| 110 | 2 | _aUniversidad Autónoma de Chiapas | |
| 245 | 1 | 0 |
_aEstadísticas / _cUniversidad Autónoma de Chiapas. |
| 260 |
_aChiapas : _bUNACH, _c1976. |
||
| 300 | _a85 p., [4] h. pleg. | ||
| 610 | 2 | 4 |
_aUNIVERSIDAD AUTONOMA DE CHIAPAS - _xHISTORIA _920046 |
| 905 | _aLibro | ||
| 999 |
_c21284 _d21284 |
||